La señora Cucharita / (Record no. 143041)

MARC details
000 -CABECERA
campo de control de longitud fija 00669nam a2200217 u 4500
005 - FECHA Y HORA DE LA ÚLTIMA TRANSACCIÓN
campo de control 20240213064449.0
008 - ELEMENTOS DE LONGITUD FIJA--INFORMACIÓN GENERAL
campo de control de longitud fija 090603s1980 es r 000 0 spa d
020 ## - NÚMERO INTERNACIONAL NORMALIZADO PARA LIBROS
Número Internacional Estándar del Libro 8426134556
035 ## - NÚMERO DE CONTROL DEL SISTEMA
Número de control de sistema UPN01000170936
049 ## - COLECCIÓN
Colección I
050 #4 - SIGNATURA TOPOGRÁFICA DE LA BIBLIOTECA DEL CONGRESO
Número de clasificación PZ59
Número de documento/Ítem P7.7
100 1# - ASIENTO PRINCIPAL--NOMBRE PERSONAL
Nombre de persona Proysen, Alf,
Fechas asociadas al nombre 1914-1970
9 (RLIN) 31880
245 13 - MENCIÓN DE TÍTULO
Título La señora Cucharita /
Mención de responsabilidad, etc. Alf Proysen ; il. Montse Ginesta ; tr. Herminia Dauer.
260 ## - PUBLICACIÓN, DISTRIBUCIÓN, ETC.
Lugar de publicación, distribución, etc. Barcelona, Esp. :
Nombre del editor, distribuidor, etc. Juventud,
Fecha de publicación, distribución, etc. 1980.
300 ## - DESCRIPCIÓN FÍSICA
Extensión 147 p. :
Otras características físicas il.
440 #0 - MENCIÓN DE SERIE/ASIENTO SECUNDARIO--TÍTULO
Título Juventud
650 #4 - ASIENTO SECUNDARIO DE MATERIA - TERMINO TEMATICO
Término de materia o nombre geográfico como elemento de entrada Literatura infantil sueca
9 (RLIN) 11036
650 #4 - ASIENTO SECUNDARIO DE MATERIA - TERMINO TEMATICO
Término de materia o nombre geográfico como elemento de entrada Ciencia ficción
Subdivisión de forma Cuentos y leyendas
9 (RLIN) 13121
650 #4 - ASIENTO SECUNDARIO DE MATERIA - TERMINO TEMATICO
Término de materia o nombre geográfico como elemento de entrada CUENTOS FANTASTICOS
9 (RLIN) 7897
905 ## - TIPO DE MATERIAL
Tipo de material Infantil
Holdings
Estado de retiro Estado de pérdida Fuente del sistema de clasificación o colocación Estado dañado No para préstamo Código de colección Localización permanente Ubicación/localización actual Ubicación en estantería Fecha de adquisición Total de préstamos Clasificación Código de barras Fecha visto por última vez Fecha del último préstamo Número de copia Tipo de ítem Koha
    Library of Congress Classification     Infantil Bib. Gregorio Torres Quintero Bib. Gregorio Torres Quintero Sala infantil Planta baja 10/05/2023 1 PZ59 P7.7 290089 23/05/2024 09/05/2024 1 Libro
    Library of Congress Classification     Infantil Bib. Gregorio Torres Quintero Bib. Gregorio Torres Quintero Sala infantil Planta baja 10/05/2023 3 PZ59 P7.7 264469 06/11/2023 06/11/2023 1 Libro